000 00956nam a22003137a 4500
003 CHAP
005 20220817043000.0
008 971013s r 00010 d
010 _a61824
011 _a62796
035 _a66971
040 _cCHAP
090 _aR-3578
245 _aDiez puntos para apoyar el campo mexicano
500 _aFotocopia
500 _aSobretiro de : El Mercado de Valores (23), 3-7, 1991
590 _aBATCH-UPD
_b10
_c20130110
_lUCH01
_h0954
590 _aBATCH-UPD
_b10
_c20130410
_lUCH01
_h0607
590 _aBATCH-UPD
_b10
_c20130914
_lUCH01
_h0828
590 _aCONVERSION
_b10
_c20130109
_lUCH01
_h1333
650 1 4 _aCampesinado
_zMéxico.
650 1 4 _aEjidos
_zMéxico.
_936039
650 1 4 _aReforma agraria
_zMéxico.
_995596
650 1 4 _aTierras
_xTenencia
_zMéxico.
_9113215
700 0 _aSalinas de Gortari, Carlos.
_9101651
901 _aBK
942 _cREIMP
949 _aR-3578
_bBC
_cR
_d-152211
_eTS1
_i66971
_si
999 _c61824
_d61824